| 000 -LEADER |
| fixed length control field |
00886nam a22001937a 4500 |
| 008 - FIXED-LENGTH DATA ELEMENTS--GENERAL INFORMATION |
| fixed length control field |
250528b xxu||||| |||| 00| 0 eng d |
| 040 ## - CATALOGING SOURCE |
| Transcribing agency |
Cagayan State University |
| 082 ## - DEWEY DECIMAL CLASSIFICATION NUMBER |
| Edition number |
791.4372 |
| Classification number |
V586 |
| 245 ## - TITLE STATEMENT |
| Title |
Veteran 2 / directed by Ryoo Seung-wan ; written by Lee Won-jae and Ryoo Seung-wan ; produced by Kang Hye-jung, Jo Seong-min and Ryoo Seung-wan. |
| Remainder of title |
I, the Executioner. |
| 260 ## - PUBLICATION, DISTRIBUTION, ETC. (IMPRINT) |
| Place of publication, distribution, etc |
South Korea : |
| Name of publisher, distributor, etc |
CJ Entertainment, |
| Date of publication, distribution, etc |
c2024. |
| 300 ## - PHYSICAL DESCRIPTION |
| Extent |
1 videofile, (ca. 118 mins.) |
| Other physical details |
sound, color. |
| 521 ## - TARGET AUDIENCE NOTE |
| Target audience note |
Rookie detective Park Sun Woo and Seo Do-Cheol, a veteran of the Violent Crimes Investigation Division team, chase after a serial killer who shakes up their world. |
| 700 ## - ADDED ENTRY--PERSONAL NAME |
| Personal name |
Jung-min, Hwang, star. |
| 700 ## - ADDED ENTRY--PERSONAL NAME |
| Personal name |
Hae-in, Jung, star. |
| 700 ## - ADDED ENTRY--PERSONAL NAME |
| Personal name |
Young-hwan, Choi, cinematographer. |
| 700 ## - ADDED ENTRY--PERSONAL NAME |
| Personal name |
Youn-tae, Bae, editor. |
| 700 ## - ADDED ENTRY--PERSONAL NAME |
| Personal name |
Hae-in, Jung, star. |
| 942 ## - ADDED ENTRY ELEMENTS (KOHA) |
| Source of classification or shelving scheme |
|
| Item type |
Audio-Visual Materials |